|
|
|
|
| LEADER |
00000nam0a2200000 4500 |
| 001 |
103181 |
| 005 |
20231031113324.0 |
| 010 |
|
|
|a 5222070611
|b (в пер.)
|b 5000 экз.
|
| 021 |
|
|
|a RU
|b 05-58150
|9 05-2844
|
| 035 |
|
|
|a (RuTPU)RU\TPU\book\111252
|
| 090 |
|
|
|a 103181
|
| 100 |
|
|
|a 20061013d2005 km u0rusy5002 ca
|
| 101 |
1 |
|
|a rus
|c eng
|
| 102 |
|
|
|a RU
|
| 105 |
|
|
|a y z 000zy
|
| 200 |
1 |
|
|a По ту сторону бренда. Почему работа с правильными клиентами имеет такое большое значение для победы в бизнесе
|e пер. с англ.
|f Д. Уинзор
|
| 210 |
|
|
|c Феникс
|d 2005
|a Ростов-на-Дону
|
| 215 |
|
|
|a 315 с.
|
| 225 |
1 |
|
|a Бизнес-бестселлер
|
| 330 |
|
|
|a Брендинг достиг своего зенита в тот момент, когда электронная эра полностью вошла в нашу жизнь, а порядка девяноста процентов рискового капитала, полученного недавно основанными предприятиями, были затрачены исключительно на покупку «корпоративных имен» и привлечение внимания широкой публики. Однако сегодня мы начинаем понимать, что компании подошли к этому вопросу неверно. Пришло время взглянуть на современный бизнес с новых позиций — и выйти «по ту сторону бренда». Эксперт в области маркетинга Джон Уинзор убедительно доказывает, что потребители успели выработать «систему иммунитета от брендов», которая только усугубляет и без того плачевное положение современного брендинга. Вместо того чтобы фокусироваться на продвижении брендов, Уинзор доходчиво объясняет, почему компании должны начать пользоваться средствами «восходящего» типа в целях совместного создания новых продуктов и маркетинговых стратегий вместе со своими клиентами. Для этого нужно выйти на улицы и провести время с правильными людьми, окунувшись в их жизни и таким образом подводя основательную базу для будущих революционных инноваций.
|
| 610 |
1 |
|
|a торговые марки
|
| 610 |
1 |
|
|a товарные знаки
|
| 610 |
1 |
|
|a маркетинг
|
| 610 |
1 |
|
|a экономика
|
| 610 |
1 |
|
|a управление
|
| 610 |
1 |
|
|a бренды
|
| 610 |
1 |
|
|a компании
|
| 610 |
1 |
|
|a бизнес-стратегии
|
| 686 |
|
|
|a У821.4
|2 rubbk
|
| 700 |
|
1 |
|a Уинзор
|b Д.
|g Джон
|4 070
|
| 801 |
|
0 |
|a RU
|b 63413507
|c 20060911
|g PSBO
|
| 801 |
|
1 |
|a RU
|b 63413507
|c 20061013
|g PSBO
|
| 801 |
|
2 |
|a RU
|b 63413507
|c 20120615
|g PSBO
|
| 830 |
|
|
|a Уинзор, Джон. - По ту сторону бренда : почему работа с правил. клиентами имеет такое большое значение для победы в бизнесе : [перевод] / Джон Уинзор. - Ростов н/Д : Феникс, 2005. - 315 с. : ил. ; 22 см. - (Серия <Бизнес-бестселлер>). - 5000 экз. - ISBN 5-222-07061-1 (в пер.). - [05-58150] - - 1. Торговые марки. 2. Товарные знаки. 3. Маркетинг. УДК 339.138 ББК 65.290-2
|
| 900 |
|
|
|a Брэндинг
|
| 942 |
|
|
|c BK
|